Normal view
MARC view
- منسق احمد الطعاني؛ مشرف انور البطيخي
Entry Personal Name
001 - CONTROL NUMBER
- control field: 45186
003 - CONTROL NUMBER IDENTIFIER
- control field: JO-AjAnu
005 - DATE AND TIME OF LATEST TRANSACTION
- control field: 20230606081457.0
008 - FIXED-LENGTH DATA ELEMENTS
- fixed length control field: 230606|| aca||aabn | a|a d
040 ## - CATALOGING SOURCE
- Original cataloging agency: JO-AjAnu
- Transcribing agency: JO-AjAnu
100 ## - HEADING--PERSONAL NAME
- Personal name: منسق احمد الطعاني؛ مشرف انور البطيخي
670 ## - SOURCE DATA FOUND
- Source citation: Work cat.: (JO-AjAnu)23136: منسق احمد الطعاني؛ مشرف انور البطيخي, author, تكنولوجيا المعلومات:وقائع المؤتمر الرابع للبحث العلمي في الاردن(الاوراق العلمية المحكمة)